U.S. State Nicknames - Click Quiz (Nickname to State) - Statistics

General Stats
  • This quiz has been taken 38 times
  • The average score is 34 of 50
Answer Stats
Hint Answer % Correct
The First State Delaware
89%
The Peach State Georgia
89%
The Aloha State Hawaii
89%
The Empire State New York
89%
The Golden State California
83%
The Sunshine State Florida
83%
The Pelican State Louisiana
83%
The Great Lakes State Michigan
83%
The Show Me State Missouri
83%
The Lone Star State Texas
83%
The Last Frontier Alaska
78%
The Hoosier State Indiana
78%
The Garden State New Jersey
78%
The Keystone State Pennsylvania
78%
The Grand Canyon State Arizona
72%
The Natural State Arkansas
72%
The Constitution State Connecticut
72%
The Bluegrass State Kentucky
72%
The Cornhusker State Nebraska
72%
The Tar Heel State North Carolina
72%
The Buckeye State Ohio
72%
The Sooner State Oklahoma
72%
The Beaver State Oregon
72%
The Palmetto State South Carolina
72%
The Volunteer State Tennessee
72%
The Hawkeye State Iowa
67%
The Sunflower State Kansas
67%
The Magnolia State Mississippi
67%
The Granite State New Hampshire
67%
The Land of Enchantment New Mexico
67%
The Mount Rushmore State South Dakota
67%
The Mountain State West Virginia
67%
The Old Line State Maryland
61%
The Bay State Massachusetts
61%
The Silver State Nevada
61%
The Ocean State Rhode Island
61%
The Beehive State Utah
61%
The Badger State Wisconsin
61%
The Centennial State Colorado
56%
The Gem State Idaho
56%
The Prairie State Illinois
56%
The Pine Tree State Maine
56%
The Green Mountain State Vermont
56%
The Old Dominion State Virginia
56%
The Equality State
The Cowboy State
Wyoming
56%
The Yellowhammer State Alabama
50%
The Treasure State Montana
50%
The Evergreen State Washington
50%
The North Star State Minnesota
44%
The Peace Garden State North Dakota
44%
No matching quizzes found
Score Distribution
Percent of People with Each Score
Percentile by Number Answered
Your Score History
You have not taken this quiz